| 000 | 00365nam a22001457a 4500 | ||
|---|---|---|---|
| 999 |
_c12275 _d12275 |
||
| 008 | 210127b ||||| |||| 00| 0 eng d | ||
| 082 | 0 | 0 |
_a681 _bH1531 |
| 100 |
_94455 _aHaines, Ray E |
||
| 245 | 1 | 0 |
_aMetalworking _cBy Ray E Haines |
| 260 |
_aNew Delhi _bEast-West Press _c1968 |
||
| 300 | _avi,152 p. | ||
| 365 | _d4.00 | ||
| 650 | 0 | _aMetal work | |
| 942 | _cBK | ||